[Event "Bad Woerishofen op"]
[Site "?"]
[Date "2000.??.??"]
[Round "1"]
[White "Servaty, Rudolf"]
[Black "Barlo, Werner"]
[Result "1/2-1/2"]
[WhiteElo "2274"]
[BlackElo "1705"]
[Annotator "ChessOrg"]
[PlyCount "68"]
[EventDate "2000.??.??"]
[Source "ChessBase"]
[SourceDate "1998.04.29"]

1. Nf3 d6 2. d4 g6 3. e4 Nd7 4. Bc4 e6 5. O-O Bg7 6. Nc3 c6 7. a4 Qc7 8. Re1
Ne7 9. Bf4 O-O 10. Qd2 e5 11. Bh6 a6 12. Bxg7 Kxg7 13. dxe5 dxe5 14. a5 f6 15.
Na4 b5 16. axb6 Nxb6 17. Qa5 Nbd5 18. Qc5 Nf4 19. Nb6 Ra7 20. Nxc8 Nxc8 21.
Rxa6 Rxa6 22. Bxa6 Nd6 23. Bf1 Ne6 24. Qe3 Rb8 25. b3 c5 26. h4 Nd4 27. Qd3 Ra8
28. Nd2 Ra3 29. Nc4 Nxc4 30. Qxc4 Qa5 31. Rd1 Qb4 32. c3 Qxc4 33. Bxc4 Nxb3 34.
Rd7+ Kh8 1/2-1/2

[Event "Bad Woerishofen op"]
[Site "?"]
[Date "2000.??.??"]
[Round "3"]
[White "Servaty, Rudolf"]
[Black "Wohlfart, Karl-Heinz"]
[Result "1-0"]
[WhiteElo "2274"]
[BlackElo "1744"]
[Annotator "ChessOrg"]
[PlyCount "85"]
[EventDate "2000.??.??"]
[Source "ChessBase"]
[SourceDate "1998.04.29"]

1. d4 Nf6 2. Nf3 g6 3. c4 Bg7 4. Nc3 O-O 5. e4 d6 6. Be2 Nbd7 7. O-O e5 8. Re1
c6 9. d5 Nc5 10. Bf1 a5 11. Bg5 h6 12. Bh4 Qc7 13. Nd2 Ne8 14. f3 f5 15. Bf2
Qe7 16. Nb3 f4 17. Nxc5 dxc5 18. Na4 cxd5 19. cxd5 Rf6 20. Bxc5 Qd8 21. Bf2 Bf8
22. Rc1 Bd7 23. Nc5 Nd6 24. Nxd7 Qxd7 25. a4 Be7 26. Qb3 Raf8 27. Rc2 R8f7 28.
Rec1 Bd8 29. h3 g5 30. Bb5 Nxb5 31. axb5 Kg7 32. b6 Qd6 33. Ra1 Qb4 34. Qxb4
axb4 35. Rc4 Bxb6 36. Rxb4 Bxf2+ 37. Kxf2 Rc7 38. Ra7 Rc2+ 39. Kg1 Kg6 40.
Raxb7 Kh5 41. R7b6 Rf8 42. Rc6 Rd2 43. Kh2 1-0

[Event "Bad Woerishofen op"]
[Site "?"]
[Date "2000.??.??"]
[Round "6"]
[White "Servaty, Rudolf"]
[Black "Dinser, Hans"]
[Result "1/2-1/2"]
[WhiteElo "2274"]
[BlackElo "1939"]
[Annotator "ChessOrg"]
[PlyCount "92"]
[EventDate "2000.??.??"]
[Source "ChessBase"]
[SourceDate "1998.04.29"]

1. d4 d5 2. c4 c6 3. Nf3 Nf6 4. Nc3 dxc4 5. a4 Bf5 6. e3 e6 7. Bxc4 Nbd7 8. O-O
Be7 9. Qe2 O-O 10. e4 Bg4 11. h3 Bxf3 12. Qxf3 e5 13. d5 Nb6 14. Bb3 cxd5 15.
exd5 Nc8 16. Rd1 Nd6 17. Be3 b6 18. Qg3 Nd7 19. Bc2 f5 20. f4 e4 21. Bd4 Bf6
22. Ne2 Rc8 23. Rac1 Rf7 24. b4 Nf8 25. Bb3 Rfc7 26. Rc6 Kh8 27. b5 Qe7 28. Qc3
Ng6 29. Bxf6 gxf6 30. Qb4 Rd8 31. g3 Rcd7 32. Rdc1 Qg7 33. Kh2 h5 34. Rg1 Ne7
35. Qc3 Ne8 36. Rd1 Nxd5 37. Bxd5 Rxd5 38. Rxd5 Rxd5 39. Rc8 Qd7 40. Qxf6+ Kh7
41. Qc6 Ng7 42. Qxd7 Rxd7 43. Kg2 Rd2 44. Kf2 Ra2 45. Rc4 Ne6 46. Ke3 Nc5
1/2-1/2

[Event "Bad Woerishofen op"]
[Site "?"]
[Date "2000.??.??"]
[Round "8"]
[White "Servaty, Rudolf"]
[Black "Schmid, Hermann"]
[Result "1-0"]
[WhiteElo "2274"]
[BlackElo "2200"]
[Annotator "ChessOrg"]
[PlyCount "65"]
[EventDate "2000.??.??"]
[Source "ChessBase"]
[SourceDate "1998.04.29"]

1. d4 g6 2. e4 d6 3. Nf3 Bg7 4. c3 c5 5. dxc5 dxc5 6. Qxd8+ Kxd8 7. Bc4 e6 8.
O-O Nc6 9. Bf4 e5 10. Be3 b6 11. Bxf7 Nge7 12. Bc4 h6 13. Rd1+ Kc7 14. Nbd2 g5
15. Bd5 Ba6 16. Bc4 Bc8 17. Be2 Be6 18. h3 Bf6 19. a4 a5 20. Nc4 Rag8 21. Na3
Nc8 22. Nb5+ Kb7 23. Nd2 g4 24. hxg4 Bxg4 25. Bxg4 Rxg4 26. f3 Rg7 27. Nc4 Rhg8
28. Rd2 Bg5 29. Rad1 Rf8 30. Rd7+ Rxd7 31. Rxd7+ Kb8 32. Bxg5 hxg5 33. Rg7 1-0

[Event "Bad Woerishofen op"]
[Site "Bad Woerishofen"]
[Date "2000.??.??"]
[Round "9"]
[White "Servaty, Rudolf"]
[Black "Walther, Diethelm"]
[Result "1/2-1/2"]
[WhiteElo "2274"]
[BlackElo "2069"]
[Annotator "ChessOrg"]
[PlyCount "22"]
[EventDate "1998.03.05"]
[Source "ChessBase"]
[SourceDate "1998.04.29"]

1. d4 d5 2. c4 Bf5 3. Qb3 e5 4. e3 Nc6 5. cxd5 Nb4 6. Na3 Be4 7. Nf3 Bxd5 8.
Bc4 exd4 9. exd4 Nf6 10. O-O Be7 11. Bxd5 Qxd5 1/2-1/2

[Event "Bad Woerishofen op"]
[Site "?"]
[Date "2000.??.??"]
[Round "2"]
[White "Spaethe, Erwin"]
[Black "Bister, Hans-Bernd"]
[Result "1-0"]
[WhiteElo "1690"]
[BlackElo "1490"]
[Annotator "ChessOrg"]
[PlyCount "59"]
[EventDate "2000.??.??"]
[Source "ChessBase"]
[SourceDate "1998.04.29"]

1. d4 Nf6 2. g4 h6 3. Nc3 d6 4. h3 Nc6 5. e4 e5 6. Nf3 exd4 7. Nxd4 Nxd4 8.
Qxd4 a6 9. Be3 Bd7 10. O-O-O Bc6 11. Bg2 Qe7 12. Rhe1 Qe5 13. Qc4 Kd7 14. f4
Qe6 15. Qd4 Kc8 16. f5 Qe5 17. Qc4 Qe7 18. Nd5 Nxd5 19. exd5 Bb5 20. Qc3 Qf6
21. Bd4 Qg5+ 22. Kb1 Kd7 23. f6 g6 24. Qb4 h5 25. a4 hxg4 26. axb5 gxh3 27. Bh1
a5 28. Qa4 b6 29. Qc4 c5 30. dxc6+ 1-0

[Event "Bad Woerishofen op"]
[Site "?"]
[Date "2000.??.??"]
[Round "4"]
[White "Spaethe, Erwin"]
[Black "Jacobsen, Waldfried"]
[Result "1-0"]
[WhiteElo "1690"]
[BlackElo "1057"]
[Annotator "ChessOrg"]
[PlyCount "85"]
[EventDate "2000.??.??"]
[Source "ChessBase"]
[SourceDate "1998.04.29"]

1. d4 d5 2. e4 e6 3. Nc3 Nf6 4. e5 Nfd7 5. Nf3 h6 6. Bd3 Be7 7. Be3 c6 8. O-O
O-O 9. Ne2 f6 10. Nf4 Nb6 11. Ng6 Rf7 12. Nxe7+ Qxe7 13. exf6 Qxf6 14. Ne5 Rc7
15. c3 N6d7 16. f4 Nf8 17. Qh5 Nbd7 18. Rf3 Nxe5 19. fxe5 Qe7 20. Raf1 Bd7 21.
Rf7 Be8 22. Rxf8+ Qxf8 23. Rxf8+ Kxf8 24. Bg6 Bxg6 25. Qxg6 Kg8 26. Qxe6+ Rf7
27. g3 Raf8 28. c4 dxc4 29. Qxc4 a6 30. Kg2 Kh7 31. Qd3+ g6 32. h4 Rd8 33. h5
Rg7 34. Qe4 Rdg8 35. Qf4 g5 36. Qf5+ Kh8 37. e6 Re8 38. d5 Kg8 39. d6 Rf8 40.
Qe4 Re8 41. Bd4 Rd7 42. Qg6+ Kf8 43. Qxh6+ 1-0

[Event "Bad Woerishofen op"]
[Site "?"]
[Date "2000.??.??"]
[Round "6"]
[White "Spaethe, Erwin"]
[Black "Storkebaum, Karl-Heinz"]
[Result "1-0"]
[WhiteElo "1690"]
[BlackElo "1830"]
[Annotator "ChessOrg"]
[PlyCount "59"]
[EventDate "2000.??.??"]
[Source "ChessBase"]
[SourceDate "1998.04.29"]

1. d4 Nf6 2. g4 Nxg4 3. e4 d6 4. Be2 Nf6 5. Nc3 e6 6. Be3 Be7 7. Nf3 b6 8. Rg1
g6 9. Bh6 Ba6 10. Bxa6 Nxa6 11. Qe2 Nb8 12. O-O-O Qc8 13. Bg7 Rg8 14. Bxf6 Bxf6
15. e5 dxe5 16. dxe5 Be7 17. Qe4 c6 18. Nb5 Nd7 19. Nd6+ Bxd6 20. Rxd6 Nc5 21.
Qh4 Qc7 22. Rgd1 Qe7 23. Qd4 a5 24. Rxc6 Rb8 25. Rd6 Kf8 26. Qf4 Kg7 27. Nd4
Rgc8 28. Nc6 Qc7 29. Qf6+ Kh6 30. R1d4 1-0

[Event "Bad Woerishofen op"]
[Site "?"]
[Date "2000.??.??"]
[Round "8"]
[White "Spaethe, Erwin"]
[Black "Turboust, Roger"]
[Result "1-0"]
[WhiteElo "1690"]
[BlackElo "1876"]
[Annotator "ChessOrg"]
[PlyCount "97"]
[EventDate "2000.??.??"]
[Source "ChessBase"]
[SourceDate "1998.04.29"]

1. d4 d5 2. e4 e6 3. Nc3 c6 4. Nf3 Nd7 5. Bd3 Be7 6. O-O Ngf6 7. e5 Ng4 8. h3
h5 9. hxg4 hxg4 10. Nh2 g3 11. fxg3 Nxe5 12. dxe5 Bc5+ 13. Kh1 Ke7 14. Bg5+ f6
15. exf6+ Kd7 16. Qg4 Qf8 17. Rae1 b5 18. fxg7 Qxg7 19. Qxe6+ Kc7 20. Qf7+ Qxf7
21. Rxf7+ Bd7 22. Be3 Bd6 23. Bf4 Rh5 24. Bxd6+ Kxd6 25. Rh7 Rg5 26. Ree7 Be6
27. Reg7 Re5 28. Nf3 Re3 29. Nd4 b4 30. Nxe6 bxc3 31. bxc3 Rxe6 32. Rg6 a5 33.
Rxe6+ Kxe6 34. c4 d4 35. Be4 a4 36. Bxc6 d3 37. cxd3 Rd8 38. Be4 a3 39. Ra7 Rb8
40. Rxa3 Rb1+ 41. Kh2 Kf6 42. Ra5 Rb8 43. g4 Rb2 44. Kg3 Rd2 45. g5+ Kg7 46.
Kf4 Rb2 47. Ke5 Rb8 48. Ra7+ Kg8 49. Ra8 1-0

[Event "Bad Woerishofen op"]
[Site "?"]
[Date "2000.??.??"]
[Round "1"]
[White "Stoll, Richard"]
[Black "Bakalarozyk, Wtodzim"]
[Result "1/2-1/2"]
[WhiteElo "1696"]
[BlackElo "2000"]
[Annotator "ChessOrg"]
[PlyCount "38"]
[EventDate "2000.??.??"]
[Source "ChessBase"]
[SourceDate "1998.04.29"]

1. d4 Nf6 2. Nf3 g6 3. e3 d5 4. Bd3 Bg7 5. Nbd2 O-O 6. O-O Nc6 7. c3 Re8 8. e4
dxe4 9. Nxe4 e5 10. Bg5 h6 11. Bxf6 Bxf6 12. dxe5 Nxe5 13. Nxf6+ Qxf6 14. Nxe5
Rxe5 15. Qb3 b6 16. Rfe1 Be6 17. Qc2 Kg7 18. Rxe5 Qxe5 19. Be4 Rd8 1/2-1/2

[Event "Bad Woerishofen op"]
[Site "?"]
[Date "2000.??.??"]
[Round "3"]
[White "Stoll, Richard"]
[Black "Niebaum, Karl"]
[Result "0-1"]
[WhiteElo "1696"]
[BlackElo "1787"]
[Annotator "ChessOrg"]
[PlyCount "135"]
[EventDate "2000.??.??"]
[Source "ChessBase"]
[SourceDate "1998.04.29"]

1. d4 d5 2. Nf3 Nf6 3. e3 e6 4. Bd3 c5 5. c3 Nc6 6. Nbd2 Bd6 7. O-O O-O 8. e4
cxd4 9. cxd4 e5 10. exd5 Nxd5 11. dxe5 Nxe5 12. Nxe5 Bxe5 13. Bxh7+ Kh8 14. Bb1
g6 15. Nf3 Bf6 16. Qd2 Ne7 17. Qh6+ Kg8 18. Ng5 Bxg5 19. Bxg5 Qd6 20. Bxe7 Qxe7
21. Bc2 Be6 22. Rae1 Qf6 23. Re3 Rac8 24. Be4 Rc5 25. Rg3 Bf5 26. Rf3 Qg7 27.
Qe3 Re5 28. Rf4 Bxe4 29. Rxe4 Rxe4 30. Qxe4 Qxb2 31. f4 Qb6+ 32. Kh1 Qc6 33.
Qe3 Re8 34. Qf3 Qe4 35. Qg3 Qf5 36. h3 Re4 37. Qf3 Rb4 38. Kh2 a5 39. Rf2 a4
40. g4 Qe4 41. Qg3 Rb1 42. Rg2 Rf1 43. f5 Qe1 44. Qxe1 Rxe1 45. fxg6 fxg6 46.
Rb2 b5 47. Kg3 Re5 48. h4 Kf7 49. Rc2 b4 50. Kf4 Rb5 51. g5 b3 52. axb3 axb3
53. Rb2 Ke6 54. Ke4 Rb4+ 55. Kd3 Rxh4 56. Rf2 Rb4 57. Rf6+ Ke5 58. Rf1 b2 59.
Rb1 Kf4 60. Kc3 Rb8 61. Kc2 Kxg5 62. Rg1+ Kf6 63. Kb1 g5 64. Rg2 Rb5 65. Rxb2
Rxb2+ 66. Kxb2 Kf5 67. Kc2 Kf4 68. Kd2 0-1

[Event "Bad Woerishofen op"]
[Site "?"]
[Date "2000.??.??"]
[Round "5"]
[White "Stoll, Richard"]
[Black "Elster, Welf"]
[Result "0-1"]
[WhiteElo "1696"]
[BlackElo "1765"]
[Annotator "ChessOrg"]
[PlyCount "78"]
[EventDate "2000.??.??"]
[Source "ChessBase"]
[SourceDate "1998.04.29"]

1. d4 Nf6 2. Nf3 g6 3. e3 Bg7 4. Bd3 d6 5. Nbd2 O-O 6. O-O Re8 7. e4 e5 8. d5
Nbd7 9. b4 a6 10. a4 c5 11. b5 a5 12. Nc4 Nb6 13. Ne3 Ng4 14. c4 Rf8 15. h3
Nxe3 16. Bxe3 f5 17. Bg5 Bf6 18. Bxf6 Rxf6 19. Qe2 Qf8 20. Nh2 Qh6 21. Ra3 Bd7
22. Bc2 Raf8 23. Rc3 fxe4 24. Ng4 Bxg4 25. Qxg4 Qd2 26. Qg3 Rxf2 27. Rxf2 Qe1+
28. Kh2 Qxf2 29. Bxe4 Qxg3+ 30. Kxg3 Rf4 31. Bd3 Nd7 32. Be2 b6 33. Rf3 Rd4 34.
Rf2 Kg7 35. Bg4 Nf6 36. Rc2 Rd3+ 37. Kh2 Ra3 38. Bd1 Rxa4 39. Rc3 Rb4 0-1

[Event "Bad Woerishofen op"]
[Site "?"]
[Date "2000.??.??"]
[Round "7"]
[White "Stoll, Richard"]
[Black "Winkler, Hans"]
[Result "1/2-1/2"]
[WhiteElo "1696"]
[BlackElo "1600"]
[Annotator "ChessOrg"]
[PlyCount "125"]
[EventDate "2000.??.??"]
[Source "ChessBase"]
[SourceDate "1998.04.29"]

1. d4 Nf6 2. Nf3 g6 3. e3 Bg7 4. Nbd2 d6 5. Bd3 O-O 6. O-O c5 7. c3 Nbd7 8. Re1
b6 9. e4 cxd4 10. cxd4 e6 11. Nb3 Bb7 12. Bg5 h6 13. Bh4 Qb8 14. Rc1 Rc8 15.
Qd2 Rxc1 16. Rxc1 a5 17. a4 Ba6 18. h3 Bxd3 19. Qxd3 Qb7 20. e5 dxe5 21. dxe5
Ne4 22. Re1 Nec5 23. Nxc5 Nxc5 24. Qc4 g5 25. Bg3 Rd8 26. Qb5 Na6 27. Rc1 Bf8
28. b3 Bc5 29. Ne1 Nc7 30. Qc4 Rd4 31. Qc2 Qd5 32. Nf3 Rd3 33. Rb1 Na6 34. Kh2
Nb4 35. Qb2 Kg7 36. Kh1 Kg6 37. Bh2 Kg7 38. Bg3 Nc6 39. Qc2 Nb4 40. Qb2 Nc6 41.
Qc2 Nb4 42. Qb2 Rd1+ 43. Rxd1 Qxd1+ 44. Kh2 Nd3 45. Qa2 Bb4 46. Nd4 Nc5 47. Nc2
Bc3 48. f4 Qd5 49. fxg5 hxg5 50. Qb1 Nxb3 51. Qf1 Bxe5 52. Bxe5+ Qxe5+ 53. Kh1
Qe4 54. Ne1 Qxa4 55. Nf3 Qa1 56. Ne1 Nd4 57. Kh2 Nf5 58. Qe2 Kh6 59. Nf3 Kg6
60. Qc2 Kf6 61. Qd2 Ke7 62. Qxg5+ Qf6 63. Qd2 1/2-1/2

[Event "Bad Woerishofen op"]
[Site "?"]
[Date "2000.??.??"]
[Round "1"]
[White "Storkebaum, Karl-Heinz"]
[Black "Ziegler, Heinz"]
[Result "1-0"]
[WhiteElo "1830"]
[BlackElo "1500"]
[Annotator "ChessOrg"]
[PlyCount "67"]
[EventDate "2000.??.??"]
[Source "ChessBase"]
[SourceDate "1998.04.29"]

1. d4 d5 2. c4 dxc4 3. e4 Nf6 4. Nc3 e6 5. Bxc4 c6 6. Nf3 Be7 7. O-O O-O 8. Bb3
Nbd7 9. Bg5 Nb6 10. Qe2 h6 11. Bh4 Nh7 12. Bxe7 Qxe7 13. Rad1 Re8 14. e5 Nf8
15. Ne4 Ng6 16. g3 Nd5 17. Bc2 Nf8 18. a3 Rb8 19. Nfd2 b5 20. Nd6 Rd8 21. N2e4
Rb6 22. f4 Ba6 23. b4 Nd7 24. f5 exf5 25. Nxf5 Qe6 26. Nc5 Nxc5 27. dxc5 Rbb8
28. Qg4 g5 29. Qh5 Rd7 30. Nxh6+ Kf8 31. Qxg5 f6 32. exf6 Qe3+ 33. Qxe3 Nxe3
34. Rxd7 1-0

[Event "Bad Woerishofen op"]
[Site "?"]
[Date "2000.??.??"]
[Round "3"]
[White "Storkebaum, Karl-Heinz"]
[Black "Bakalarozyk, Wtodzim"]
[Result "0-1"]
[WhiteElo "1830"]
[BlackElo "2000"]
[Annotator "ChessOrg"]
[PlyCount "88"]
[EventDate "2000.??.??"]
[Source "ChessBase"]
[SourceDate "1998.04.29"]

1. d4 Nf6 2. c4 g6 3. Nc3 Bg7 4. e4 d6 5. Nf3 O-O 6. Be2 e5 7. O-O Nc6 8. d5
Ne7 9. Ne1 Ne8 10. Be3 f5 11. f3 f4 12. Bf2 g5 13. c5 Ng6 14. Rc1 h5 15. Nd3
Rf7 16. cxd6 cxd6 17. a4 Nf6 18. h3 Bf8 19. Nb5 a6 20. Na3 g4 21. hxg4 hxg4 22.
fxg4 Nxe4 23. Bf3 Nxf2 24. Nxf2 Bd7 25. Qd3 Rg7 26. b3 Be7 27. Rc2 Rc8 28. Rfc1
Rxc2 29. Rxc2 Bh4 30. Ne4 Be1 31. g5 Nh4 32. Nc4 Bb4 33. Nf6+ Kf8 34. Nxd7+
Rxd7 35. Bg4 Bc5+ 36. Kf1 Rc7 37. g6 Qg5 38. g7+ Kxg7 39. Qh3 Kh8 40. Nd2 Rh7
41. b4 Nf5 42. Bxf5 Rxh3 43. Bxh3 Bxb4 44. Rc8+ Kg7 0-1

[Event "Bad Woerishofen op"]
[Site "?"]
[Date "2000.??.??"]
[Round "5"]
[White "Storkebaum, Karl-Heinz"]
[Black "Moeckel, Edgar"]
[Result "0-1"]
[WhiteElo "1830"]
[BlackElo "2106"]
[Annotator "ChessOrg"]
[PlyCount "26"]
[EventDate "2000.??.??"]
[Source "ChessBase"]
[SourceDate "1998.04.29"]

1. d4 d5 2. c4 e6 3. Nc3 Nf6 4. Nf3 c6 5. cxd5 exd5 6. Bg5 Be7 7. e3 Nbd7 8.
Bd3 O-O 9. Qc2 Re8 10. O-O Nf8 11. h3 Ne4 12. Nxe4 dxe4 13. Bxe4 Bxg5 0-1

[Event "Bad Woerishofen op"]
[Site "?"]
[Date "2000.??.??"]
[Round "7"]
[White "Storkebaum, Karl-Heinz"]
[Black "Weber, Siegfried"]
[Result "1-0"]
[WhiteElo "1830"]
[BlackElo "1651"]
[Annotator "ChessOrg"]
[PlyCount "63"]
[EventDate "2000.??.??"]
[Source "ChessBase"]
[SourceDate "1998.04.29"]

1. d4 g6 2. c4 d6 3. Nc3 Bg7 4. e4 Nd7 5. Nf3 Ngf6 6. Be2 O-O 7. O-O c5 8. d5
a6 9. a4 Qc7 10. h3 Ne8 11. Be3 Ne5 12. Ne1 f5 13. f4 Nf7 14. exf5 Bxf5 15. g4
Bd7 16. Bd3 Nh8 17. Nf3 Qc8 18. Qe2 Nf6 19. Nh2 e5 20. dxe6 Bxe6 21. f5 Bf7 22.
g5 Re8 23. gxf6 Bxf6 24. Ne4 Rxe4 25. Bxe4 g5 26. Ng4 Qd8 27. Nxf6+ Qxf6 28.
Qd2 Qe5 29. Qg2 h6 30. h4 d5 31. cxd5 Kf8 32. Bxc5+ 1-0

[Event "Bad Woerishofen op"]
[Site "Bad Woerishofen"]
[Date "2000.??.??"]
[Round "9"]
[White "Storkebaum, Karl-Heinz"]
[Black "Borger, Martin"]
[Result "1-0"]
[WhiteElo "1830"]
[BlackElo "1760"]
[Annotator "ChessOrg"]
[PlyCount "66"]
[EventDate "1998.03.05"]
[Source "ChessBase"]
[SourceDate "1998.04.29"]

1. d4 d5 2. c4 e6 3. Nc3 Nf6 4. Nf3 Be7 5. e3 O-O 6. Bd3 Nbd7 7. O-O c5 8. Re1
dxc4 9. Bxc4 Nb6 10. Bd3 Nbd5 11. a3 Re8 12. Bd2 Nd7 13. Qe2 Nf8 14. Nxd5 Qxd5
15. e4 Qh5 16. e5 Bd7 17. dxc5 Bc6 18. Be4 Rac8 19. b4 Red8 20. Bxc6 Rxc6 21.
Qe4 Rd5 22. Bf4 Rc8 23. Rad1 Rcd8 24. Rxd5 Rxd5 25. h3 g5 26. Bg3 Ng6 27. Nd4
Bf8 28. Nf5 Ne7 29. Nd6 b6 30. c6 Nxc6 31. Ne8 Bg7 32. Nf6+ Bxf6 33. exf6 Qg6
1-0

[Event "Bad Woerishofen op"]
[Site "?"]
[Date "2000.??.??"]
[Round "1"]
[White "Stumpf, Walter"]
[Black "Spaethe, Erwin"]
[Result "1-0"]
[WhiteElo "1975"]
[BlackElo "1690"]
[Annotator "ChessOrg"]
[PlyCount "73"]
[EventDate "2000.??.??"]
[Source "ChessBase"]
[SourceDate "1998.04.29"]

1. d4 Nf6 2. Nf3 g6 3. g3 Bg7 4. Bg2 O-O 5. c4 d6 6. Nc3 Nbd7 7. O-O c5 8. e4
cxd4 9. Nxd4 Nc5 10. h3 a6 11. Be3 Rb8 12. Qd2 Bd7 13. Rac1 Qc8 14. b4 Ne6 15.
Nd5 Qd8 16. Rfe1 Nc7 17. Bg5 Ncxd5 18. exd5 Re8 19. c5 dxc5 20. bxc5 Bc8 21.
Nb3 e5 22. Re2 e4 23. d6 Bf5 24. g4 Bd7 25. Rce1 Bc6 26. Bxf6 Qxf6 27. Bxe4
Rxe4 28. Rxe4 Qh4 29. Qd3 f5 30. gxf5 Qg5+ 31. Rg4 Qxf5 32. Qxf5 gxf5 33. Rg5
Rf8 34. Re7 Rf7 35. Rxf7 Kxf7 36. Na5 Kf6 37. Rxg7 1-0

[Event "Bad Woerishofen op"]
[Site "?"]
[Date "2000.??.??"]
[Round "3"]
[White "Stumpf, Walter"]
[Black "Neumann, Erwin"]
[Result "1/2-1/2"]
[WhiteElo "1975"]
[BlackElo "1810"]
[Annotator "ChessOrg"]
[PlyCount "48"]
[EventDate "2000.??.??"]
[Source "ChessBase"]
[SourceDate "1998.04.29"]

1. d4 Nf6 2. Nf3 b6 3. g3 Bb7 4. Bg2 e6 5. c4 Be7 6. Nc3 d5 7. O-O O-O 8. b3
Nbd7 9. Bb2 c5 10. cxd5 exd5 11. e3 Rc8 12. Rc1 a6 13. Ne5 Rc7 14. Re1 Qa8 15.
Nxd7 Rxd7 16. a3 Rfd8 17. Qc2 Rc7 18. Ne2 Qc8 19. dxc5 Rxc5 20. Qb1 Ne4 21.
Bxe4 dxe4 22. Bd4 Rxc1 23. Qxc1 Qxc1 24. Rxc1 Bxa3 1/2-1/2

[Event "Bad Woerishofen op"]
[Site "?"]
[Date "2000.??.??"]
[Round "5"]
[White "Stumpf, Walter"]
[Black "Schneider, Georg"]
[Result "0-1"]
[WhiteElo "1975"]
[BlackElo "2140"]
[Annotator "ChessOrg"]
[PlyCount "130"]
[EventDate "2000.??.??"]
[Source "ChessBase"]
[SourceDate "1998.04.29"]

1. d4 Nf6 2. Nf3 g6 3. g3 Bg7 4. c4 O-O 5. Bg2 c5 6. Nc3 cxd4 7. Nxd4 Nc6 8.
Nxc6 bxc6 9. O-O Ba6 10. Qa4 Bc8 11. Qc2 Rb8 12. Bf4 d6 13. Rad1 Be6 14. b3 Qc8
15. e4 Nh5 16. Bg5 Rb7 17. Ne2 h6 18. Be3 a5 19. Bd4 Nf6 20. Nc3 Ng4 21. Bxg7
Kxg7 22. Qd2 h5 23. h4 Nh6 24. Rde1 f6 25. Na4 Rb4 26. Nb2 Qc7 27. Qc2 Ng4 28.
Nd3 Rbb8 29. Nf4 Bf7 30. Nd3 Ra8 31. Bh3 Ne5 32. f4 Nd7 33. Bxd7 Qxd7 34. f5
gxf5 35. exf5 d5 36. c5 Rg8 37. Nf4 Kh7 38. Kh2 Rg4 39. Rf3 d4 40. Qd3 a4 41.
bxa4 Rxa4 42. Ne6 Rxa2+ 43. Re2 Rxe2+ 44. Qxe2 Bxe6 45. fxe6 Qd5 46. Qd3+ Qe4
47. Kg2 f5 48. Qxe4 fxe4 49. Rf7+ Rg7 50. Rf4 Rg4 51. Rf7+ Kg6 52. Rxe7 Kf6 53.
Rd7 d3 54. e7 Kf7 55. Kf2 Ke8 56. Rc7 d2 57. Ke2 e3 58. Ra7 Rc4 59. Ra8+ Kxe7
60. Ra3 Re4 61. Rd3 Ke6 62. Rd8 Kf5 63. Rf8+ Kg4 64. Rg8+ Kh3 65. Rd8 Kxg3 0-1

[Event "Bad Woerishofen op"]
[Site "?"]
[Date "2000.??.??"]
[Round "7"]
[White "Stumpf, Walter"]
[Black "Schmidt, Erhard"]
[Result "1/2-1/2"]
[WhiteElo "1975"]
[BlackElo "2208"]
[Annotator "ChessOrg"]
[PlyCount "120"]
[EventDate "2000.??.??"]
[Source "ChessBase"]
[SourceDate "1998.04.29"]

1. d4 d5 2. Nf3 Nf6 3. c4 dxc4 4. e3 e6 5. Bxc4 Nbd7 6. Nc3 c6 7. O-O Be7 8.
Qe2 O-O 9. Rd1 Qa5 10. Bd2 Qh5 11. Ne5 Qxe2 12. Bxe2 Nxe5 13. dxe5 Nd7 14. f4
a5 15. Ne4 Nc5 16. Nxc5 Bxc5 17. Kf2 Rd8 18. Rac1 Be7 19. Bc3 Bd7 20. Bd4 Be8
21. Bb6 Rxd1 22. Rxd1 a4 23. a3 g6 24. g3 c5 25. Bf3 Rc8 26. Rc1 Bc6 27. Be2
Bd5 28. Bb5 Bc6 29. Bd3 Be8 30. Be4 c4 31. Ba5 b5 32. Bc3 Kf8 33. Ke2 Bc6 34.
Bxc6 Rxc6 35. Rd1 Ke8 36. Kd2 Rc7 37. Kc2 Rd7 38. Bd4 Rd5 39. Rd2 Rd7 40. Rd1
Kd8 41. g4 Kc7 42. g5 Kc6 43. h4 Bc5 44. Kc3 Rd8 45. Rh1 h5 46. gxh6 Rh8 47. e4
Rxh6 48. Bxc5 Kxc5 49. Rh3 Rh8 50. f5 g5 51. h5 g4 52. Rh1 g3 53. fxe6 fxe6 54.
h6 g2 55. Rg1 Rxh6 56. Rxg2 Rh3+ 57. Kc2 Kd4 58. Rg6 Rh2+ 59. Kb1 c3 60. Rxe6
Rxb2+ 1/2-1/2

[Event "Bad Woerishofen op"]
[Site "Bad Woerishofen"]
[Date "2000.??.??"]
[Round "9"]
[White "Stumpf, Walter"]
[Black "Johne, Siegfried"]
[Result "1-0"]
[WhiteElo "1975"]
[BlackElo "1894"]
[Annotator "ChessOrg"]
[PlyCount "47"]
[EventDate "1998.03.05"]
[Source "ChessBase"]
[SourceDate "1998.04.29"]

1. d4 Nf6 2. Nf3 g6 3. g3 Bg7 4. c4 b6 5. Bg2 Bb7 6. Nc3 d5 7. O-O O-O 8. cxd5
Nxd5 9. Re1 f5 10. Qb3 e6 11. Ng5 Qe7 12. Nxe6 Qxe6 13. Nxd5 Na6 14. Ne7+ Kf7
15. Qxe6+ Kxe6 16. Bxb7 Nb4 17. Bd2 Nc2 18. Rac1 Nxe1 19. Rxc7 Rae8 20. d5+ Kf7
21. Nxf5+ Kf6 22. Nxg7 Rxe2 23. Bc3+ Kg5 24. Ne6+ 1-0

[Event "Bad Woerishofen op"]
[Site "?"]
[Date "2000.??.??"]
[Round "2"]
[White "Thielemann, Joachim"]
[Black "Schmid, Hermann"]
[Result "0-1"]
[WhiteElo "1905"]
[BlackElo "2200"]
[Annotator "ChessOrg"]
[PlyCount "120"]
[EventDate "2000.??.??"]
[Source "ChessBase"]
[SourceDate "1998.04.29"]

1. e4 c6 2. d4 d5 3. Nd2 dxe4 4. Nxe4 Bf5 5. Ng3 Bg6 6. Nf3 Nd7 7. Bc4 e6 8. c3
Qc7 9. O-O Ngf6 10. Re1 Be7 11. Qe2 O-O-O 12. a4 Nd5 13. Bxd5 cxd5 14. a5 Kb8
15. Bg5 Bxg5 16. Nxg5 Nf6 17. h3 Rd6 18. Ra3 Rc8 19. Qe5 Ne8 20. Qe3 Ra6 21. b4
Nd6 22. Qf4 Nb5 23. Qxc7+ Rxc7 24. Rb3 Rac6 25. Ne2 Bd3 26. Nf4 Bc2 27. Rb2
Rxc3 28. Ngxe6 fxe6 29. Rxe6 Nxd4 30. Re8+ Rc8 31. Re7 R3c7 32. Re5 Be4 33.
Nxd5 Bxd5 34. Rxd5 Nc6 35. f4 Re7 36. g3 Rce8 37. Kf2 Re4 38. b5 Nxa5 39. b6
axb6 40. Rxb6 Re2+ 41. Kf3 Nc6 42. Kg4 R8e6 43. Rdb5 Nd8 44. Rxe6 Nxe6 45. f5
Nd4 46. Rd5 Re4+ 47. Kg5 b5 48. Rd7 Nf3+ 49. Kh5 Nd4 50. Rxg7 Nxf5 51. Rg8+ Kc7
52. g4 Ne7 53. Rg5 Kc6 54. h4 Re6 55. Rg7 h6 56. Rf7 b4 57. Rf2 Kb5 58. g5 hxg5
59. hxg5 b3 60. Rf6 Re1 0-1

[Event "Bad Woerishofen op"]
[Site "?"]
[Date "2000.??.??"]
[Round "4"]
[White "Thielemann, Joachim"]
[Black "Zunker, Reinhard"]
[Result "1/2-1/2"]
[WhiteElo "1905"]
[BlackElo "2226"]
[Annotator "ChessOrg"]
[PlyCount "98"]
[EventDate "2000.??.??"]
[Source "ChessBase"]
[SourceDate "1998.04.29"]

1. e4 g6 2. d4 Bg7 3. f4 c5 4. Nf3 cxd4 5. Nxd4 Nc6 6. c3 Nf6 7. e5 Nd5 8. Nb5
Nc7 9. Be3 O-O 10. N1a3 b6 11. Be2 Rb8 12. O-O a6 13. Nd4 Nd5 14. Nac2 Nxe3 15.
Nxe3 Bb7 16. Rc1 b5 17. Bf3 Bh6 18. Nd5 Na5 19. g3 Nc4 20. Qe2 Bg7 21. Rfe1 e6
22. Ne3 Nxe3 23. Qxe3 d6 24. Bxb7 Rxb7 25. Rcd1 d5 26. Qf3 Qb6 27. Kg2 Rc8 28.
a3 a5 29. h4 b4 30. axb4 axb4 31. Rd3 Ra7 32. Re2 Ra2 33. Qf2 Bf8 34. cxb4 Rc4
35. b3 Rxe2 36. Nxe2 Qxf2+ 37. Kxf2 Rxb4 38. Kf3 h5 39. Nd4 Bc5 40. Nc2 Rb8 41.
Ke2 Kf8 42. Kd2 Bb4+ 43. Nxb4 Rxb4 44. Kc3 Rb7 45. Rd4 Ke7 46. Ra4 Kd7 47. Ra6
Kc7 48. b4 Rb6 49. Ra7+ Rb7 1/2-1/2